000 00292nam a2200121Ia 4500
005 20260326100046.0
008 260326s9999||||xx |||||||||||||| ||und||
100 _aFerrero, Luis
245 0 _aLa Escultura en Costa Rica /
_cLuis Ferrero
260 _bCosta Rica
650 _aARTE
942 _cBK
999 _c7187
_d7187